书目信息 |
| 题名: |
北洋军阀统治时期史话
|
|
| 作者: | 陶菊隐 著 | |
| 分册: | 第四册 | |
| 出版信息: | 三联书店 1957.9 |
|
| 页数: | 196页 | |
| 开本: | 20cm | |
| 丛书名: | ||
| 单 册: | ||
| 中图分类: | K258.2 | |
| 科图分类: | ||
| 主题词: | 中国--历史--1840~1949 | |
| 电子资源: | ||
| ISBN: | ||
| 000 | 00584nam0 2200193 45 | |
| 001 | 0312221749 | |
| 005 | 20060819172740.28 | |
| 010 | @dCNY0.40 | |
| 091 | @a11002.157 | |
| 100 | @a20031222d1957 km y0chiy0120 ea | |
| 101 | @achi | |
| 200 | 1 | @a北洋军阀统治时期史话@h第四册@ABei Yang Jun Fa Tong Zhi Shi Qi Shi Hua@f陶菊隐著@FTao Ju Yin Zhu@e第二次南北战争时期(1919-1918年) |
| 210 | @c三联书店@d1957.9 | |
| 215 | @a196页@d20cm | |
| 606 | 0 | @a中国@x历史@z1840~1949 |
| 690 | @aK258.2@v3 | |
| 701 | 0 | @a陶菊隐@4著 |
| 801 | @aCN@bTSTCL@c20060819 | |
| 905 | @dK258.2@e44:4@f1@b179717 | |
| 北洋军阀统治时期史话.第四册/陶菊隐著:第二次南北战争时期(1919-1918年).-三联书店,1957.9 |
| 196页;20cm |
| ISBN :CNY0.40 |
| ● |
| 相关链接 |
|
|
|
|
正题名:北洋军阀统治时期史话
索取号:K258.2/44:4
 
预约/预借
| 序号 | 登录号 | 条形码 | 馆藏地/架位号 | 状态 | 备注 |
| 1 | 0179717 | 001293923 | 第二借阅区/ [索取号:K258.2/44:4] | 在馆 | |
| 2 | 0179718 | 001293914 | 第二样本阅览室/ [索取号:K258.2/44:4] | 在馆 | |
| 3 | 0456393 | 204563935 | 密集书库/ [索取号:K258.2/44:4] | 在馆 | |
| 4 | 0467012 | 204670123 | 密集书库/ [索取号:K258.2/44:4] | 在馆 |